<?xml version="1.0" encoding="UTF-8"?>
<record
    xmlns:xsi="http://www.w3.org/2001/XMLSchema-instance"
    xsi:schemaLocation="http://www.loc.gov/MARC21/slim http://www.loc.gov/standards/marcxml/schema/MARC21slim.xsd"
    xmlns="http://www.loc.gov/MARC21/slim">

  <leader>03112nam a2200361 a 4500</leader>
  <controlfield tag="001">000108740</controlfield>
  <controlfield tag="003">CHAP</controlfield>
  <controlfield tag="005">20260223144451.0</controlfield>
  <controlfield tag="008">140307s2012    mx a   |sm   |||||||spa|d</controlfield>
  <datafield tag="010" ind1=" " ind2=" ">
    <subfield code="a">105202</subfield>
  </datafield>
  <datafield tag="011" ind1=" " ind2=" ">
    <subfield code="a">106174</subfield>
  </datafield>
  <datafield tag="040" ind1=" " ind2=" ">
    <subfield code="c">CHAP</subfield>
  </datafield>
  <datafield tag="090" ind1=" " ind2=" ">
    <subfield code="a">Tesis</subfield>
  </datafield>
  <datafield tag="100" ind1="1" ind2=" ">
    <subfield code="a">Rubio S&#xE1;nchez, Consuelo</subfield>
  </datafield>
  <datafield tag="245" ind1="1" ind2="0">
    <subfield code="a">Caracterizaci&#xF3;n fisicoqu&#xED;mica de granos de cacao (Theobroma cacao L.) sometidos a cuatro m&#xE9;todos de secado/</subfield>
    <subfield code="c">por Consuelo Rubio S&#xE1;nchez; director Carolina Hern&#xE1;ndez Hern&#xE1;ndez.</subfield>
  </datafield>
  <datafield tag="264" ind1=" " ind2="1">
    <subfield code="a">Chapingo, M&#xE9;x. :</subfield>
    <subfield code="b">El autor,</subfield>
    <subfield code="c">2012.</subfield>
  </datafield>
  <datafield tag="300" ind1=" " ind2=" ">
    <subfield code="a">1 recurso en l&#xED;nea (97 p&#xE1;ginas).</subfield>
  </datafield>
  <datafield tag="336" ind1=" " ind2=" ">
    <subfield code="2">rdacontent</subfield>
    <subfield code="a">texto</subfield>
    <subfield code="b">txt</subfield>
  </datafield>
  <datafield tag="337" ind1=" " ind2=" ">
    <subfield code="2">rdamedia</subfield>
    <subfield code="a">computadora</subfield>
    <subfield code="b">c</subfield>
  </datafield>
  <datafield tag="338" ind1=" " ind2=" ">
    <subfield code="2">rdacarrier</subfield>
    <subfield code="a">rdacarrier</subfield>
    <subfield code="b">cr</subfield>
  </datafield>
  <datafield tag="502" ind1=" " ind2=" ">
    <subfield code="b">Ingeniero Agroindustrial.</subfield>
    <subfield code="c">Departamento de Ingenier&#xED;a Agroindustrial,</subfield>
    <subfield code="d">2012.</subfield>
  </datafield>
  <datafield tag="520" ind1=" " ind2=" ">
    <subfield code="a">Las caracter&#xED;sticas organol&#xE9;pticas de los productos derivados del cacao (Theobroma cacao L), se desarrollan durante la madurez, la fermentaci&#xF3;n y el secado de los granos, &#xE9;ste &#xFA;ltimo proceso puede llevarse a cabo mediante m&#xE9;todos naturales, secado al sol o en invernadero, o utilizando energ&#xED;a calor&#xED;fica derivada de la combusti&#xF3;n del butano en dispositivos conocidos como samoas. En este trabajo la variedad de cacao &#x201C;forastero&#x201D; colectada en el estado de Tabasco, se someti&#xF3; a cuatro m&#xE9;todos diferentes de secado: al sol, en estufa, en samoa y en invernadero, y se determinaron par&#xE1;metros fisicoqu&#xED;micos que permitieron seleccionar el m&#xE9;todo de secado &#xF3;ptimo, tomando como base la normatividad. Los par&#xE1;metros medidos en el cotiled&#xF3;n fueron pH, acidez vol&#xE1;til, color, perfiles de fusi&#xF3;n, firmeza, espectros de FTIR, microscop&#xED;a electr&#xF3;nica de barrido y cuantificaci&#xF3;n de fenoles totales. Entre los par&#xE1;metros medidos, el pH y el grado de acidez determinados en granos secados en samoa, est&#xE1;n m&#xE1;s cercanos a lo establecido en la normatividad por lo que se espera que sus caracter&#xED;sticas organol&#xE9;pticas sean superiores; al cuantificar los fenoles totales se encontr&#xF3; que los granos secados al sol o en invernadero, presentan concentraciones similares de dichos compuestos, mientras que los granos secados en samoa presentan una m&#xE1;xima concentraci&#xF3;n; las micrograf&#xED;as obtenidas mediante la t&#xE9;cnica de microscop&#xED;a electr&#xF3;nica de barrido, muestran que los granos de cacao secados en samoa y estufa presentan menor da&#xF1;o en su estructura, mientras que los granos secados en invernadero y al sol presentan superficies m&#xE1;s accidentadas. Los resultados de esta investigaci&#xF3;n sugieren la posibilidad, de incrementar la calidad poscosecha del cacao con la optimizaci&#xF3;n del m&#xE9;todo de secado en samoas.</subfield>
  </datafield>
  <datafield tag="590" ind1=" " ind2=" ">
    <subfield code="a">BATCH-UPD</subfield>
    <subfield code="b">05</subfield>
    <subfield code="c">20140324</subfield>
  </datafield>
  <datafield tag="590" ind1=" " ind2=" ">
    <subfield code="a">BATCH-UPD</subfield>
    <subfield code="b">05</subfield>
    <subfield code="c">20141002</subfield>
  </datafield>
  <datafield tag="590" ind1=" " ind2=" ">
    <subfield code="a">E792CSJ</subfield>
    <subfield code="b">05</subfield>
    <subfield code="c">20140307</subfield>
  </datafield>
  <datafield tag="590" ind1=" " ind2=" ">
    <subfield code="a">E792CSJ</subfield>
    <subfield code="b">05</subfield>
    <subfield code="c">20140307</subfield>
  </datafield>
  <datafield tag="650" ind1="1" ind2="4">
    <subfield code="a">Cacao</subfield>
    <subfield code="x">Procesado.</subfield>
  </datafield>
  <datafield tag="650" ind1="1" ind2="4">
    <subfield code="a">Cacao</subfield>
    <subfield code="x">Secado.</subfield>
  </datafield>
  <datafield tag="700" ind1="1" ind2=" ">
    <subfield code="a">Hern&#xE1;ndez Hern&#xE1;ndez, Carolina</subfield>
    <subfield code="e">director.</subfield>
  </datafield>
  <datafield tag="856" ind1=" " ind2=" ">
    <subfield code="u">http://10.13.5.2/tesis/sist108740.pdf</subfield>
    <subfield code="y">DESCARGAR PDF</subfield>
  </datafield>
  <datafield tag="901" ind1=" " ind2=" ">
    <subfield code="a">BK</subfield>
  </datafield>
  <datafield tag="942" ind1=" " ind2=" ">
    <subfield code="c">Tesis</subfield>
    <subfield code="2">Clasificaci&#xF3;n Universidad Aut&#xF3;noma Chapingo</subfield>
  </datafield>
  <datafield tag="999" ind1=" " ind2=" ">
    <subfield code="c">105202</subfield>
    <subfield code="d">105202</subfield>
  </datafield>
  <datafield tag="952" ind1=" " ind2=" ">
    <subfield code="0">0</subfield>
    <subfield code="1">0</subfield>
    <subfield code="2">local</subfield>
    <subfield code="4">0</subfield>
    <subfield code="5">1</subfield>
    <subfield code="7">0</subfield>
    <subfield code="8">TesDigL</subfield>
    <subfield code="a">BD</subfield>
    <subfield code="b">BD</subfield>
    <subfield code="c">E_L</subfield>
    <subfield code="d">2026-01-27</subfield>
    <subfield code="l">0</subfield>
    <subfield code="o">Tesis digital</subfield>
    <subfield code="r">2026-01-27 14:33:17</subfield>
    <subfield code="w">2026-01-27</subfield>
    <subfield code="y">TD</subfield>
  </datafield>
</record>
